LEADER 01175nam a2200289 i 4500 001 000000171153 003 CaOOAMICUS 005 20080421000000.0 008 080421s2007 it u000 u ita u 013 $a148577 020 $a978-88-16-60292-2 040 $aSeMil$bita 100 1 $aSarabianov, Dmitri V.$0(OLS)http://semarc/name/64020 245 10$aRussia, Europa :$barte e architettura /$cDmitri V. Sarabianov. 250 $a2. Ed. 260 $aMilano :$bJaca Book,$c2007. 300 $a294 p. :$briccamente ill. ;$c31 cm. 650 4$aRussia - Arte.$0(OLS)http://semarc/subject/32591 650 4$aRussia - Architettura.$0(OLS)http://semarc/subject/32592 650 4$aEuropa - Arte.$0(OLS)http://semarc/subject/32593 650 4$aEuropa - Architettura.$0(OLS)http://semarc/subject/32594 850 $aSeMil 852 $aSeMil$W1$xVenegono$y1$m5T XI 18$j122028$B122028$CSeMilBibl$Z2$F133299 $8I 961 $aOmaggio: Altro 996 $6020$a978-88-16-60292-2$9(OLS)http://semarc/number/158251 996 $6245$aRussia, Europa :$barte e architettura$9(OLS)http://semarc/title/244838 996 $6260$aMilano :$bJaca Book$9(OLS)http://semarc/publisher/29781 LEADER 01217nam a2200277 4500 001 000000351773 003 CaOOAMICUS 005 20221020150007.0 008 221005s2016 it a 000 u ita r 020 $a978-88-315-4703-1 040 $aSeMil$bita 100 1 $aGiovannini, Daniela .$0(OLS)http://semarc/name/116587 245 10$aCatechesi... come farla? :$baccordi e sintonie per comunicare la fede /$cDaniela Giovannini, Silvia Meli. 264 1$aMilano :$bPaoline,$c2016. 300 $a171 p. :$bill. ;$c21 cm 490 1 $aCatechesi ;$v14 650 4$aCatechismo - Manuali e sussidi.$0(OLS)http://semarc/subject/253 700 1 $aMeli, Silvia.$0(OLS)http://semarc/name/116590 830 0$aCatechesi ;$v14.$0(OLS)http://semarc/title/22739 850 $aSeMil 852 $aSeMil$W1$xVenegono$y1$m2C VI 72$j235451$B242958$CSeMilBibl$Z2$F242958 $81 961 $aLorenzi don Ugo - Omaggio 996 $6020$a978-88-315-4703-1$9(OLS)http://semarc/number/296847 996 $6245$aCatechesi... come farla? :$baccordi e sintonie per comunicare la fede$9(OLS)http://semarc/title/441580 996 $6264$aMilano :$bPaoline$9(OLS)http://semarc/publisher/29684